Statistics for South American Countries with a Unique Initial Letter

Click here to take the quiz!

General Stats

  • This quiz has been taken 153 times
    (125 since last reset)
  • The average score is 6 of 6

Answer Stats

Country% Correct
UUruguay
99%
AArgentina
98%
EEcuador
98%
GGuyana
97%
SSuriname
97%
VVenezuela
97%

Score Distribution

Percentile by Number Answered

Percent of People with Each Score

Your Score History

You have not taken this quiz since the last reset